Statistics for Survivor Tribe Names Seasons 1- 42

Click here to take the quiz!

General Stats

  • This quiz has been taken 731 times
    (328 since last reset)
  • The average score is 55 of 146

Answer Stats

HintAnswer% Correct
Borneo YellowPagong
72%
Heroes vs. Villains BlueHeroes
69%
All-Stars GreenMogo Mogo
69%
Heroes vs. Villains RedVillains
67%
Pearl Islands BlueDrake
66%
Pearl Islands OrangeMorgan
64%
Palau Blue (Became tribe of 1)Ulong
64%
Borneo OrangeTagi
59%
Pearl Islands Purple (Eliminated Contestants)The Outcasts
59%
Cook Islands Red (Latin-American)Aitutaki
58%
Palau BrownKoror
58%
Cook Islands (Caucasian-American)Rarotonga
58%
Heroes vs. Villains MergedYin Yang
58%
All-Stars RedChapera
57%
Samoa YellowFoa Foa
57%
Philippines Blue (Monkey)Matsing
55%
Worlds Apart MergedMerica
55%
Gabon RedFang
54%
Pearl Islands Merge (Named after Ruperts Snake)Balboa
52%
Tocantins RedJalapao
52%
Nicaragua Yellow (Young)La Flor
52%
The Australian Outback GreenOgakor
52%
Survivor 41 GreenUa
52%
Redemption Island Purple (Russells Tribe)Zapatera
51%
David vs. Goliath OrangeDavid
50%
David vs. Goliath PurpleGoliath
50%
Cagayan Green (Brain)Luzon
50%
All-Stars YellowSaboga
50%
Tocantins BlackTimbira
50%
China RedFei Long
49%
Redemption Island Orange (Robs Tribe)Ometepe
49%
Panema Purple (Older Women)Casaya
48%
Caramoan Merged (Malcolms mothers name backwards)Enil Edam
48%
Cambodia MagentaBayon
47%
The Austalian Outback TealKucha
47%
Fiji GreenMoto
46%
Thailand PurpleSook Jai
46%
Samoa PurpleGalu
45%
Gabon YellowKota
45%
Marqueasas BlueRotu
45%
Philippines Yellow (Chicken)Tandang
45%
Panema Orange (Older Men)La Mina
44%
All-Stars MergedChaboga Mogo
43%
Gabon MergedNobag
43%
Africa RedSamburu
43%
Cook Islands MergedAitutonga
42%
Cagayan Orange (Brawn)Aparri
42%
Ghost Island OrangeMalolo
42%
Winners at War BlueSele
42%
Survivor 41 YellowYase
42%
Africa YellowBoran
41%
Micronesia Purple (Favourites)Malakal
41%
Cook Islands Green (Asian-American)Puka Puka
41%
Ghost Island PurpleNaviti
40%
Fiji OrangeRavu
40%
South Pacific Red (Ozzys Tribe)Savaii
40%
San Juan Del Sur OrangeCoyopa
39%
Winners at War RedDakal
39%
Tocantins MergedForza
39%
Survivor 42 BlueIka
39%
Survivor 41 BlueLuvu
39%
Marquesas YellowMaraamu
39%
Guatemala YellowNakúm
39%
Cagayan Purple (Beauty)Solana
39%
Guatemala BlueYaxhá
39%
China YellowZhan Hu
39%
The Australian Outback MergedBarramundi
38%
Thailand OrangeChuay Gahn
38%
Micronesia MergedDabu
38%
Nicaragua Blue (Old)Espada
38%
San Juan Del Sur Blue (Constantly lost items)Hunahpu
38%
Philippines Red (Cow)Kalabaw
38%
Borneo MergedRattana
38%
South Pacific Blue (Coaches Tribe)Upolu
38%
Miconesia Orange (Fans)Airai
37%
Survivor 42 OrangeTaku
37%
One World Orange (Men)Manono
36%
Redemption Island MergedMurlonio
36%
Cambodia GreenTa Keo
36%
The Amazon Yellow (Women)Jaburu
35%
Edge of Extinction Green Expanded TribeLesu
35%
Game Changers Orange (Same name as Joe and Kellys webisodes)Mana
35%
Caramoan Purple (Favourites)Bikal
34%
Blood vs. Water Yellow (Returning Players)Galang
34%
Cook Islands Yellow (African-American)Manihiki
34%
Edge of Extinction Blue (Wentworth & David)Manu
34%
Survivor 42 GreenVati
34%
Thailand MergedChuay Jai
33%
Cambodia Yellow (Expanded Tribe)Angkor
32%
Edge of Extinction Yellow (Joe and Aubry)Kama
32%
Blood vs. Water Red (Their Loved Ones)Tadhana
32%
Philippines Merged (named after excessive rain)Dangrayne
31%
Worlds Apart Blue (Blue Collar)Escameca
31%
San Juan Del Sur Merged (Mix of tribe names)Huyopa
31%
The Amazon Blue (Men)Tambaqui
31%
Vanuatu Yellow (Women)Yasur
31%
Panema Blue (Younger Women)Bayoneta
30%
Vanuatu Red (Men)Lopevi
30%
Game Changers BlueNuku
30%
One World Blue (Women)Salani
30%
Cagayan Merged (Mix of all tribes)Solarrion
30%
Marqueasas MergedSoliantu
30%
Millennials vs. Gen. X Orange (Millennials)Vanua
30%
David vs. Goliath Purple (Swapped Tribe)Jabeni
29%
Africa MergedMoto Maji
29%
Guatemala MergedXhákum
29%
Fiji MergedBula Bula
28%
Caramoan Orange ("Fans")Gota
28%
Millennials vs. Gen. X Purple (Gen X)Takali
27%
Winners at War Green Expanded TribeYara
27%
Vanuatu MergedAlinta
26%
China MergedHae Da Fung
26%
The Amazon MergedJacaré
26%
Nicaragua MergedLibertad
26%
Panema Green (Younger Men)Viveros
26%
Winners at War Black MergeKoru
25%
Kaôh Rōng Red (Brawn)Totang
25%
Samoa MergedAiga
24%
Kaôh Rōng Blue (Brains)Chanloh
24%
Panema MergedGitanos
24%
Millennials vs. Gen. X Green (Expanded Tribe)Ikabula
24%
Heroes vs. Healers vs. Hustlers BlueLevu
24%
Worlds Apart Red (No Collar)Nagarote
24%
Heroes vs. Healers vs. Hustlers RedYawa
24%
Game Changers Green (Expanded Tribe)Tavua
23%
South Pacific MergedTe Tuna
23%
Island of the Idols PurpleVokai
23%
Kaôh Rōng Yellow (Beauty)Gondol
22%
Island of the Idols OrangeLairo
22%
Cambodia Merged Orange (Named by Kimmi)Orkun
22%
Heroes vs. Healers vs. Hustlers YellowSoko
22%
One World MergedTikiano
21%
David vs. Goliath Light Blue MergedKalokalo
20%
David vs. Goliath Green (Swapped Expanded Tribe)Tiva
20%
Survivor 41 Red MergeViakana
20%
Island of the Idols Blue MergeLumuwaku
19%
Worlds Apart Yellow (White Collar)Masaya
19%
David vs. Goliath Orange (Swapped Tribe)Vuku
19%
Blood vs. Water MergedKasama
18%
Heroes vs. Healers. vs. Husters Merged PurpleSolewa
18%
Millennials vs. Gen. X Merged BlackVinaka
18%
Kaôh Rōng Merged Black (Named by Joe)Dara
17%
Game Changers Merged YellowMaku Maku
17%
Ghost Island Green (Expanded Tribe)Yanuya
17%
Edge of Extinction Red MergeVata
16%
Ghost Island Merged BlackLavita
15%

Score Distribution

Percentile by Number Answered

Percent of People with Each Score

Your Score History

You have not taken this quiz since the last reset